Carte générale du Royaume de la Nouvelle Espagne (Record no. 4185)

MARC details
000 -CABECERA
campo de control de longitud fija 01070nam a2200253 a 4500
001 - NÚMERO DE CONTROL
campo de control BRCA_4479
005 - FECHA Y HORA DE LA ÚLTIMA TRANSACCIÓN
campo de control 20190320204703.0
008 - DATOS DE LONGITUD FIJA--INFORMACIÓN GENERAL
campo de control de longitud fija 080910s1809----fr-b######---#000-0#fre-#
041 ## - CÓDIGO DE LENGUA
Código de lengua del texto/banda sonora o título independiente fre
044 ## - CÓDIGO DEL PAÍS DE LA ENTIDAD EDITORA/PRODUCTORA
Código MARC del país fr
050 #4 - SIGNATURA TOPOGRÁFICA DE LA BIBLIOTECA DEL CONGRESO
Número de clasificación G1549
Número de documento/Ítem .H86 1809
100 1# - ENTRADA PRINCIPAL--NOMBRE DE PERSONA
Nombre de persona Humboldt, Alexandre de
9 (RLIN) 11348
245 10 - MENCIÓN DE TÍTULO
Título Carte générale du Royaume de la Nouvelle Espagne
Medio material cartográfico
Resto del título depuis le parallele de 16º jus qu´au parallele de 38º (latitude nord)
Mención de responsabilidad, etc. Alexandre de Humboldt.
260 ## - PUBLICACIÓN, DISTRIBUCIÓN, ETC.
Lugar de publicación, distribución, etc. Francia
Nombre del editor, distribuidor, etc. Auvray
Fecha de publicación, distribución, etc. 1809
300 ## - DESCRIPCIÓN FÍSICA
Extensión 1 mapa
Otras características físicas il. a color
Dimensiones 105 x 74 cm., pleg. 21 x 15 cm.
500 ## - NOTA GENERAL
Nota general Dresée sur des observations astronomiques et sur´ l´ensemble des matériaux qui existoient a Mexico au commencement de l´anée 1804 par Alexandre de Humboldt
500 ## - NOTA GENERAL
Nota general (O 117º - O 96º 30´ / n 42º - N 15º) Correcciones por MM. Friesen, Oltmanns et thuilier
500 ## - NOTA GENERAL
Nota general Mapa inventariado por Banco de México como libro
500 ## - NOTA GENERAL
Nota general CC7
650 14 - PUNTO DE ACCESO ADICIONAL DE MATERIA--TÉRMINO DE MATERIA
Término de materia o nombre geográfico como elemento de entrada Mapas
Subdivisión cronológica 1809
Subdivisión geográfica México
9 (RLIN) 11349
650 14 - PUNTO DE ACCESO ADICIONAL DE MATERIA--TÉRMINO DE MATERIA
Término de materia o nombre geográfico como elemento de entrada México
Subdivisión general Historia
9 (RLIN) 564
902 ## - CATALOGADOR
Iniciales GFM
942 ## - ELEMENTOS DE PUNTO DE ACCESO ADICIONAL (KOHA)
Fuente del sistema de clasificación o colocación Library of Congress Classification
Tipo de ítem Koha Libros
Holdings
Estado de retiro Estado de pérdida Estado dañado No para préstamo Localización permanente Ubicación/localización actual Fecha de adquisición Número de inventario Total de préstamos Signatura topográfica completa Código de barras Fecha visto por última vez Precio válido a partir de Tipo de ítem Koha
El ejemplar forma parte de la colección y puede ser consultado según las políticas vigentes.       Biblioteca del Museo Franz Mayer (Rogerio Casas-Alatriste) Biblioteca del Museo Franz Mayer (Rogerio Casas-Alatriste) 08/09/2010 CC7   G1549 .H86 1809 (CC7) 4476 22/03/2019 22/03/2019 Libros